[Event "Erfurt op-A 29th"]
[Site "Erfurt"]
[Date "2019.12.29"]
[Round "7"]
[White "Schuffenhauer, Robert"]
[Black "Zech, Andreas"]
[Result "1-0"]
[WhiteElo "1905"]
[BlackElo "2038"]
[PlyCount "103"]
[EventDate "2019.12.26"]
[EventType "swiss"]
[EventRounds "8"]
[EventCountry "GER"]
[SourceTitle "CBM 194 Extra"]
[Source "ChessBase"]
[SourceDate "2020.03.31"]
[SourceVersion "1"]
[SourceVersionDate "2020.03.31"]
[SourceQuality "1"]

1. d4 d5 2. c4 e6 3. Nf3 Nf6 4. e3 c5 5. Nc3 Nc6 6. cxd5 exd5 7. Be2 Bg4 8. 0-0 cxd4 9. Nxd4 Bxe2 10. Ndxe2 Bd6 11. Ng3 Bxg3 12. hxg3 0-0 13. Ne2 Qe7 14. b3 Qe5 15. Rb1 Rad8 16. Bb2 Qg5 17. Nf4 Rfe8 18. Qf3 Ne4 19. Rbd1 a6 20. a3 Na5 21. Rd3 Nc5 22. Rxd5 Rxd5 23. Nxd5 Naxb3 24. Rd1 Ne4 25. Qf4 Qxf4 26. gxf4 Kf8 27. Nb6 f6 28. f3 Nec5 29. Kf2 Re6 30. Nd7+ Ke7 31. Nxc5 Nxc5 32. Bd4 Nb3 33. Rb1 Nxd4 34. Rxb7+ Kd6 35. exd4 Kd5 36. Rd7+ Kc4 37. Rxg7 Kxd4 38. Rxh7 Rb6 39. Rh5 Rb2+ 40. Kg3 Ke3 41. Rc5 Rb6 42. Kg4 Kd4 43. Rf5 Ke3 44. Kh5 Kf2 45. Kg6 Rb3 46. a4 Kxg2 47. Rxf6 Rxf3 48. f5 Rg3+ 49. Kf7 Rf3 50. Rg6+ Kf2 51. f6 Rf4 52. Kg7 1-0

[Event "Erfurt op-A 29th"]
[Site "Erfurt"]
[Date "2019.12.28"]
[Round "5"]
[White "Heinke, Jasper"]
[Black "Schuffenhauer, Robert"]
[Result "1/2-1/2"]
[WhiteElo "2066"]
[BlackElo "1905"]
[PlyCount "35"]
[EventDate "2019.12.26"]
[EventType "swiss"]
[EventRounds "8"]
[EventCountry "GER"]
[SourceTitle "CBM 194 Extra"]
[Source "ChessBase"]
[SourceDate "2020.03.31"]
[SourceVersion "1"]
[SourceVersionDate "2020.03.31"]
[SourceQuality "1"]

1. d4 d5 2. c4 dxc4 3. e4 e5 4. Nf3 exd4 5. Bxc4 Bb4+ 6. Nbd2 Be6 7. Bxe6 fxe6 8. 0-0 Nc6 9. Qb3 Qd7 10. Ng5 0-0-0 11. Qxe6 h6 12. Qxd7+ Rxd7 13. Ne6 g5 14. Nb3 Re7 15. Nexd4 Nxd4 16. Nxd4 Rxe4 17. Be3 Nf6 18. Nb5 1/2-1/2

[Event "Erfurt op-A 29th"]
[Site "Erfurt"]
[Date "2019.12.27"]
[Round "2"]
[White "Schuffenhauer, Robert"]
[Black "Popist, Florian"]
[Result "0-1"]
[WhiteElo "1905"]
[BlackElo "2076"]
[PlyCount "106"]
[EventDate "2019.12.26"]
[EventType "swiss"]
[EventRounds "8"]
[EventCountry "GER"]
[SourceTitle "CBM 194 Extra"]
[Source "ChessBase"]
[SourceDate "2020.03.31"]
[SourceVersion "1"]
[SourceVersionDate "2020.03.31"]
[SourceQuality "1"]

1. d4 d5 2. c4 e6 3. Nf3 Nf6 4. Bg5 Be7 5. e3 h6 6. Bh4 0-0 7. Bd3 b6 8. 0-0 Bb7 9. Nbd2 Nbd7 10. Rc1 c5 11. dxc5 Nxc5 12. Bb1 Nfe4 13. Bxe7 Qxe7 14. b4 Nxd2 15. Nxd2 Ne4 16. cxd5 exd5 17. Nxe4 dxe4 18. Qb3 Rac8 19. a3 Rxc1 20. Rxc1 Rd8 21. h3 Rd2 22. Rd1 Bd5 23. Qxd5 Rxd5 24. Rxd5 g6 25. g4 Qe6 26. Ba2 Qc6 27. Kg2 Kg7 28. Rd4 Qc2 29. Bd5 f5 30. Bc4 Qa4 31. Rd8 a5 32. Rg8+ Kf6 33. gxf5 gxf5 34. Rf8+ Kg6 35. Rg8+ Kh7 36. Ra8 Qxa3 37. bxa5 bxa5 38. Ra7+ Kg6 39. Ra6+ Kg7 40. Ra7+ Kf6 41. Ra6+ Ke7 42. Re6+ Kd8 43. Rxh6 Qc3 44. Rd6+ Kc7 45. Rd4 Qb2 46. h4 Qb6 47. h5 Qf6 48. Rd5 a4 49. Ra5 Qg5+ 50. Kf1 Qxh5 51. Ke1 Qh1+ 52. Kd2 Qa1 53. Bb3 Qb2+ 0-1

[Event "Pardubice Czech op-B 30th"]
[Site "Pardubice"]
[Date "2019.07.19"]
[Round "1"]
[White "Wehner, Janis"]
[Black "Schuffenhauer, Robert"]
[Result "1-0"]
[WhiteElo "2131"]
[BlackElo "1872"]
[PlyCount "35"]
[EventDate "2019.07.19"]
[EventType "swiss"]
[EventRounds "9"]
[EventCountry "CZE"]
[SourceTitle "EXT 2020"]
[Source "ChessBase"]
[SourceDate "2019.10.17"]
[SourceVersion "1"]
[SourceVersionDate "2019.10.17"]
[SourceQuality "1"]

1. e4 c5 2. Nf3 e6 3. d4 cxd4 4. Nxd4 a6 5. Bd3 Ne7 6. Nc3 Nbc6 7. Nxc6 Nxc6 8. 0-0 b5 9. Be3 Be7 10. f4 0-0 11. e5 Qc7 12. Ne4 Nb4 13. Nf6+ Bxf6 14. exf6 Nxd3 15. Qg4 g6 16. Qg5 Kh8 17. Rf3 Rg8 18. Rh3 1-0

[Event "GER-chT U20"]
[Site "Osnabrueck"]
[Date "2011.12.27"]
[Round "1.3"]
[White "Hobusch, Jan"]
[Black "Schuffenhauer, Robert"]
[Result "1-0"]
[WhiteElo "2062"]
[BlackElo "1637"]
[PlyCount "61"]
[EventDate "2011.12.27"]
[EventType "team-swiss"]
[EventRounds "7"]
[EventCountry "GER"]
[SourceTitle "CBM 146 Extra"]
[Source "ChessBase"]
[SourceDate "2012.02.29"]
[SourceVersion "1"]
[SourceVersionDate "2012.02.29"]
[SourceQuality "1"]
[WhiteTeam "Solingen"]
[BlackTeam "Wilkau Hasslau Muldental"]
[WhiteTeamCountry "GER"]
[BlackTeamCountry "GER"]

1. d4 Nf6 2. Nf3 e6 3. Bf4 d5 4. e3 c5 5. c3 Nc6 6. Nbd2 cxd4 7. exd4 Be7 8. Bd3 a6 9. a4 Qb6 10. Rb1 Bd7 11. 0-0 Rc8 12. Qe2 0-0 13. Ne5 Nxe5 14. dxe5 Ne8 15. Bc2 g6 16. Nf3 Ng7 17. Qd2 Rfe8 18. Bg5 Bxg5 19. Qxg5 Qd8 20. Qh6 f6 21. exf6 Nh5 22. f7+ Kxf7 23. Qxh7+ Ng7 24. Bxg6+ Kf6 25. Bxe8 Qxe8 26. Qh4+ Kf7 27. Ng5+ Kg6 28. Nf3 Nf5 29. Ne5+ Kg7 30. Qg5+ Kh7 31. Ng4 1-0

[Event "GER-chT U20"]
[Site "Osnabrueck"]
[Date "2011.12.27"]
[Round "2.4"]
[White "Mikeler, Marcel"]
[Black "Schuffenhauer, Robert"]
[Result "1-0"]
[WhiteElo "1489"]
[BlackElo "1637"]
[PlyCount "87"]
[EventDate "2011.12.27"]
[EventType "team-swiss"]
[EventRounds "7"]
[EventCountry "GER"]
[SourceTitle "CBM 146 Extra"]
[Source "ChessBase"]
[SourceDate "2012.02.29"]
[SourceVersion "1"]
[SourceVersionDate "2012.02.29"]
[SourceQuality "1"]
[WhiteTeam "Heilbronn"]
[BlackTeam "Wilkau Hasslau Muldental"]
[WhiteTeamCountry "GER"]
[BlackTeamCountry "GER"]

1. d4 Nf6 2. c4 e6 3. Nc3 Bb4 4. Qc2 b6 5. Bg5 h6 6. Bh4 Nc6 7. e3 Bb7 8. Nf3 Ne7 9. Bd3 d5 10. cxd5 Nfxd5 11. 0-0 Qc8 12. Nxd5 Nxd5 13. e4 Nf4 14. Qa4+ Qd7 15. Qxd7+ Kxd7 16. Ne5+ Ke8 17. Bb5+ Kf8 18. Bg3 Ng6 19. Bc6 Bxc6 20. Nxc6 Bd6 21. b4 Bxg3 22. hxg3 Ne7 23. Rac1 Nxc6 24. Rxc6 Ke7 25. Rxc7+ Kf6 26. f4 Rhd8 27. Rd1 a5 28. b5 Rac8 29. Rc6 Rxc6 30. bxc6 Rc8 31. d5 exd5 32. exd5 Ke7 33. d6+ Kd8 34. Rc1 a4 35. Kf2 b5 36. a3 b4 37. axb4 a3 38. b5 a2 39. Ke3 Ra8 40. Ra1 Ra4 41. Kd3 Kc8 42. Kc3 f6 43. Kb3 Re4 44. d7+ 1-0

[Event "Sachsen-ch U18"]
[Site "Sebnitz"]
[Date "2011.04.27"]
[Round "2"]
[White "Schuffenhauer, Robert"]
[Black "Meyer, Stephan"]
[Result "1/2-1/2"]
[WhiteElo "1623"]
[BlackElo "1732"]
[PlyCount "142"]
[EventDate "2011.04.26"]
[EventType "swiss"]
[EventRounds "5"]
[EventCountry "GER"]
[SourceTitle "EXT 2012"]
[Source "ChessBase"]
[SourceDate "2011.11.24"]
[SourceVersion "1"]
[SourceVersionDate "2011.11.24"]
[SourceQuality "1"]

1. d4 Nf6 2. c4 g6 3. Nc3 Bg7 4. e4 d6 5. f3 0-0 6. Bd3 Nc6 7. Nge2 e5 8. d5 Ne7 9. Be3 Nd7 10. b4 f5 11. Qb3 f4 12. Bf2 g5 13. c5 Nf6 14. Nb5 a6 15. cxd6 cxd6 16. Nxd6 Kh8 17. Bc5 b6 18. Nxc8 Rxc8 19. Bxe7 Qxe7 20. Bxa6 Rcd8 21. Rc1 g4 22. Rc6 gxf3 23. gxf3 Nxe4 24. fxe4 Qh4+ 25. Kd1 f3 26. Ng3 Qg4 27. Qc2 h5 28. Qf2 h4 29. Bc4 Bf6 30. Rc7 b5 31. Bb3 Bg5 32. Ke1 Rc8 33. Rc5 Rxc5 34. bxc5 hxg3 35. hxg3+ Kg7 36. Bc2 Ra8 37. Qh2 Kf6 38. Bb1 Be3 39. Qh4+ Qxh4 40. gxh4 f2+ 41. Ke2 Bxc5 42. Rf1 Rh8 43. Bd3 Rxh4 44. Rc1 Bd4 45. Rc6+ Ke7 46. Rc1 Rg4 47. Kf3 Rg1 48. Rf1 b4 49. Bc4 Kd6 50. Bd3 Kc5 51. Be2 Kb6 52. Bd3 Ka5 53. Bc4 Ka4 54. d6 Rg6 55. d7 Rd6 56. Be6 Kb5 57. Ke2 Bb6 58. Bf7 Ka4 59. Rxf2 Bxf2 60. Kxf2 Ka3 61. Be6 Kb2 62. Kg3 Kc3 63. Kg4 Kd4 64. Kf5 Ke3 65. Kf6 Kxe4 66. Ke7 Rd2 67. d8Q Rxd8 68. Kxd8 Kd4 69. Kc7 e4 70. Kb6 e3 71. Bg4 Kc3 1/2-1/2

[Event "Sachsen-ch U16"]
[Site "Sebnitz"]
[Date "2009.04.18"]
[Round "7"]
[White "Schuffenhauer, Robert"]
[Black "Jentzsch, Jakob"]
[Result "1-0"]
[WhiteElo "1595"]
[BlackElo "1580"]
[PlyCount "71"]
[EventDate "2009.04.14"]
[EventType "swiss"]
[EventRounds "7"]
[EventCountry "GER"]
[SourceTitle "EXT 2010"]
[Source "ChessBase"]
[SourceDate "2010.11.25"]
[SourceVersion "1"]
[SourceVersionDate "2010.11.25"]
[SourceQuality "1"]

1. d4 f5 2. Bg5 h6 3. Bh4 g6 4. c4 Bg7 5. e3 Nf6 6. Bd3 b6 7. f3 Bb7 8. Ne2 g5 9. Bf2 e6 10. Nbc3 Nc6 11. a3 Ne7 12. Qc2 d6 13. e4 Qc8 14. d5 fxe4 15. fxe4 e5 16. Ng3 c6 17. Rc1 Qd7 18. Qd1 0-0-0 19. b4 Kb8 20. a4 Nc8 21. a5 Qc7 22. dxc6 Bxc6 23. Nd5 Qb7 24. b5 Bxd5 25. cxd5 Rd7 26. 0-0 Rf8 27. Nf5 Rff7 28. Qa4 Rc7 29. Rc6 Ne8 30. Ra1 Rxc6 31. bxc6 Qc7 32. axb6 Nxb6 33. Rb1 Bf6 34. Bxb6 axb6 35. Ra1 Qa7 36. c7+ 1-0

[Event "Sachsen-ch U16"]
[Site "Sebnitz"]
[Date "2009.04.15"]
[Round "4"]
[White "Grumpelt, Rico"]
[Black "Schuffenhauer, Robert"]
[Result "0-1"]
[WhiteElo "1264"]
[BlackElo "1595"]
[PlyCount "54"]
[EventDate "2009.04.14"]
[EventType "swiss"]
[EventRounds "7"]
[EventCountry "GER"]
[SourceTitle "EXT 2010"]
[Source "ChessBase"]
[SourceDate "2010.11.25"]
[SourceVersion "1"]
[SourceVersionDate "2010.11.25"]
[SourceQuality "1"]

1. e4 c5 2. Nf3 e6 3. c3 d5 4. exd5 exd5 5. d4 c4 6. Be2 Bd6 7. 0-0 Ne7 8. Re1 Qc7 9. Nbd2 Nd7 10. Nf1 Nf6 11. Bd2 0-0 12. Bg5 Ne4 13. Bxe7 Bxe7 14. Ng3 f5 15. Nd2 Bd6 16. Ndxe4 fxe4 17. Rf1 Rf7 18. Qc2 Be6 19. Rae1 Raf8 20. Qd1 e3 21. fxe3 Bxg3 22. hxg3 Qxg3 23. Rxf7 Qxe3+ 24. Kh1 Qh6+ 25. Bh5 Bxf7 26. g4 g6 27. Rg1 Qe3 0-1

[Event "Sachsen-ch U14"]
[Site "Sebnitz"]
[Date "2007.04.14"]
[Round "7"]
[White "Schuffenhauer, Robert"]
[Black "Osmanodja, Bilgin"]
[Result "0-1"]
[WhiteElo "1413"]
[BlackElo "1690"]
[PlyCount "68"]
[EventDate "2007.04.10"]
[EventType "swiss"]
[EventRounds "7"]
[EventCountry "GER"]
[SourceTitle "EXT 2008"]
[Source "ChessBase"]
[SourceDate "2007.11.25"]
[SourceVersion "1"]
[SourceVersionDate "2007.11.25"]
[SourceQuality "1"]

1. d4 Nf6 2. c4 e6 3. Nc3 Bb4 4. a3 Bxc3+ 5. bxc3 c5 6. e3 0-0 7. Bd3 Nc6 8. f3 b6 9. Ne2 Ba6 10. e4 Na5 11. e5 Ne8 12. Qc2 f5 13. Nf4 Bxc4 14. Bxc4 Nxc4 15. Qd3 Na5 16. d5 c4 17. Qd2 Nb3 18. Qb2 Nxa1 19. Qxa1 exd5 20. Nxd5 Nc7 21. Nb4 Qe7 22. f4 d6 23. 0-0 dxe5 24. fxe5 Qxe5 25. Bf4 Qc5+ 26. Kh1 Nd5 27. Nxd5 Qxd5 28. Qa2 Qe4 29. Qf2 Rfe8 30. Bg3 Rad8 31. h3 Qe3 32. Qxe3 Rxe3 33. Kh2 Rxc3 34. Rxf5 g6 0-1

[Event "Sachsen-ch U14"]
[Site "Sebnitz"]
[Date "2007.04.12"]
[Round "4"]
[White "Thieme, Alexander"]
[Black "Schuffenhauer, Robert"]
[Result "0-1"]
[WhiteElo "1040"]
[BlackElo "1413"]
[PlyCount "74"]
[EventDate "2007.04.10"]
[EventType "swiss"]
[EventRounds "7"]
[EventCountry "GER"]
[SourceTitle "EXT 2008"]
[Source "ChessBase"]
[SourceDate "2007.11.25"]
[SourceVersion "1"]
[SourceVersionDate "2007.11.25"]
[SourceQuality "1"]

1. e4 c5 2. Nf3 Nc6 3. d4 cxd4 4. Nxd4 e6 5. Nc3 a6 6. Be3 Qc7 7. Bd3 Be7 8. a3 b5 9. Qf3 Ne5 10. Qg3 Nxd3+ 11. cxd3 Qxg3 12. hxg3 Nf6 13. Bg5 Bb7 14. Bxf6 Bxf6 15. Nf3 Rc8 16. e5 Be7 17. d4 Rc4 18. Ne2 0-0 19. Rc1 Rxc1+ 20. Nxc1 Rc8 21. 0-0 Rc2 22. b3 Bxa3 23. Ne1 Rxc1 24. Nd3 Rxf1+ 25. Kxf1 a5 26. Nc5 Bxc5 27. dxc5 a4 28. Ke1 a3 29. Kd2 a2 30. Kc3 a1Q+ 31. Kb4 Bc6 32. f3 Qxe5 33. g4 Qd4+ 34. Ka5 Qxc5 35. g5 b4+ 36. Ka6 Qb5+ 37. Ka7 Qb7# 0-1

[Event "GER-chT U12"]
[Site "Verden"]
[Date "2005.12.30"]
[Round "7.3"]
[White "Schuffenhauer, Robert"]
[Black "Boeckenfoerde, Tilman"]
[Result "1/2-1/2"]
[WhiteElo "1120"]
[BlackElo "1088"]
[PlyCount "37"]
[EventDate "2005.12.27"]
[EventType "team-swiss"]
[EventRounds "7"]
[EventCountry "GER"]
[SourceTitle "CBM 110 Extra"]
[Source "ChessBase"]
[SourceDate "2006.03.10"]
[SourceVersion "2"]
[SourceVersionDate "2006.03.10"]
[SourceQuality "1"]

1. d4 d5 2. c4 Nf6 3. Nf3 Bf5 4. Nc3 Nc6 5. Bg5 e6 6. Nh4 Bb4 7. Nxf5 Bxc3+ 8. bxc3 exf5 9. cxd5 Qxd5 10. Bxf6 gxf6 11. e3 0-0-0 12. Be2 Qxg2 13. Bf3 Qg6 14. Ke2 Ne7 15. Qb3 b6 16. Qa3 Rd7 17. Qxa7 Kd8 18. Qa3 f4 19. e4 1/2-1/2